000 00945cab a22002055a 4500
001 L144659
008 080804e2008 xxkad f s 000 0 eng d
035 _a(Sirsi) u144659
041 0 _aeng
100 1 _aLowik, Lonneke
245 0 0 _aInfrastructure investment sees increased focus on emerging markets
260 _c2008
490 0 _aProperty Forecast
_vJuly 2008, 8-9(2)
520 _aExplains that infrastructure investments are becoming an important element of diversified portfolios as there is a growing need for reliable, stable income generating, long-term assets. Covers: current market for infrastructure funds; recent transactions activity. Charts show global infrastructure activity and European closed transactions 2005-first quarter 2008.
590 _aKA
651 4 _aInternational
690 _aPROPERTY-COMMERCIAL PROPERTY-COMMERCIAL PROPERTY FINANCE AND INVESTMENT
690 _aPROPERTY-INFRASTRUCTURE
942 _n0
999 _c80537
_d80537